[Event "VIE-chT (Women)"]
[Site "Ho Chi Minh City"]
[Date "2019.09.29"]
[Round "5.30"]
[White "Nguyen, Thi Kieu"]
[Black "Pham, Thi Phuong Thao"]
[Result "0-1"]
[WhiteElo "1196"]
[BlackElo "1816"]
[PlyCount "122"]
[EventDate "2019.09.26"]
[EventType "swiss"]
[EventRounds "9"]
[EventCountry "VIE"]
[SourceTitle "EXT 2020"]
[Source "ChessBase"]
[SourceDate "2019.10.17"]
[SourceVersion "1"]
[SourceVersionDate "2019.10.17"]
[SourceQuality "1"]

1. d4 d5 2. Nf3 e6 3. Bf4 Bd6 4. Bg3 Nf6 5. e3 0-0 6. Nbd2 c5 7. c3 c4 8. Qc2 Nc6 9. e4 Bc7 10. e5 Nd7 11. Be2 f6 12. Bh4 g5 13. Bg3 fxe5 14. Nxe5 Bxe5 15. dxe5 Ndxe5 16. Nf3 Nxf3+ 17. gxf3 Bd7 18. h4 Rf7 19. hxg5 Qxg5 20. f4 Qf5 21. Qd2 Rg7 22. 0-0-0 Be8 23. Rde1 Bg6 24. Kd1 Qb1+ 25. Qc1 Qxa2 26. Reg1 Qb1 27. Bg4 Bc2+ 28. Kd2 Rxg4 29. Qxc2 Qxc2+ 30. Kxc2 a5 31. Rh6 Rg6 32. Rh5 Rf8 33. Rgh1 Rf7 34. Re1 Rf5 35. Rxf5 exf5 36. Re8+ Kf7 37. Rc8 Re6 38. Kd2 Re8 39. Rc7+ Re7 40. Rc8 Rd7 41. Bh4 Ne7 42. Rh8 Kg7 43. Re8 Ng6 44. Bg3 d4 45. cxd4 Rxd4+ 46. Kc3 Rd1 47. Kxc4 h5 48. Rb8 Rd7 49. f3 h4 50. Be1 h3 51. Bg3 Nh4 52. Re8 Nxf3 53. Re2 Rd2 54. Rxd2 Nxd2+ 55. Kb5 Nf1 56. Kxa5 Nxg3 57. Kb6 h2 58. Kxb7 h1Q+ 59. Ka7 Qb1 60. b4 Qxb4 61. Ka8 Ne4 0-1

[Event "VIE-chT (Women)"]
[Site "Ho Chi Minh City"]
[Date "2019.09.27"]
[Round "2.31"]
[White "Pham, Thi Phuong Thao"]
[Black "Nguyen, Ngo Lien Huong"]
[Result "0-1"]
[WhiteElo "1816"]
[BlackElo "1609"]
[PlyCount "54"]
[EventDate "2019.09.26"]
[EventType "swiss"]
[EventRounds "9"]
[EventCountry "VIE"]
[SourceTitle "EXT 2020"]
[Source "ChessBase"]
[SourceDate "2019.10.17"]
[SourceVersion "1"]
[SourceVersionDate "2019.10.17"]
[SourceQuality "1"]

1. d4 d5 2. Nf3 Nf6 3. Bf4 e6 4. e3 c5 5. b3 Nc6 6. Bb5 Qa5+ 7. c3 Qxb5 8. Nbd2 cxd4 9. cxd4 Bb4 10. a3 Bc3 11. Ra2 Ne4 12. a4 Qd3 13. Qc2 Qxc2 14. Rxc2 Nb4 15. Rxc3 Nxc3 16. 0-0 Ne2+ 17. Kh1 Nxf4 18. exf4 0-0 19. g3 Bd7 20. Ne5 Bc6 21. h4 f6 22. Ng4 h5 23. Ne3 b5 24. a5 Bb7 25. f3 Rac8 26. g4 Nc2 27. Rd1 Rfe8 0-1

[Event "VIE-chT (Women)"]
[Site "Ho Chi Minh City"]
[Date "2017.07.29"]
[Round "9.28"]
[White "Pham, Thi Phuong Thao"]
[Black "Thai, Ngoc Tuong Minh"]
[Result "1/2-1/2"]
[WhiteElo "1901"]
[BlackElo "1220"]
[PlyCount "20"]
[EventDate "2017.07.24"]
[EventType "team-swiss"]
[EventRounds "9"]
[EventCountry "VIE"]
[SourceTitle "EXT 2019"]
[Source "ChessBase"]
[SourceDate "2018.10.10"]
[SourceVersion "1"]
[SourceVersionDate "2018.10.10"]
[SourceQuality "1"]

1. d4 d5 2. e3 Nf6 3. f4 Bf5 4. Bd3 Bxd3 5. cxd3 c6 6. Nf3 Nbd7 7. 0-0 e6 8. Bd2 Be7 9. Be1 0-0 10. Bh4 h6 1/2-1/2

[Event "VIE-chT (Women)"]
[Site "Ho Chi Minh City"]
[Date "2017.07.28"]
[Round "8.36"]
[White "Ly, Nguyen Ngoc Chau"]
[Black "Pham, Thi Phuong Thao"]
[Result "0-1"]
[WhiteElo "1479"]
[BlackElo "1901"]
[PlyCount "68"]
[EventDate "2017.07.24"]
[EventType "team-swiss"]
[EventRounds "9"]
[EventCountry "VIE"]
[SourceTitle "EXT 2019"]
[Source "ChessBase"]
[SourceDate "2018.10.10"]
[SourceVersion "1"]
[SourceVersionDate "2018.10.10"]
[SourceQuality "1"]

1. d4 d5 2. c4 e6 3. Nc3 c6 4. e3 Nd7 5. Bd3 Bd6 6. Nf3 f5 7. 0-0 Ngf6 8. b3 0-0 9. Bb2 Ne4 10. Nd2 Qh4 11. g3 Qh3 12. Qe2 Rf6 13. f4 Nxg3 14. Qf3 Rg6 15. Kf2 Qxh2+ 16. Ke1 Nxf1 17. Bxf1 Rg3 18. Qe2 Qh4 19. Kd1 Qg4 20. Qxg4 Rxg4 21. Ke2 Bb4 22. Kf2 Nf6 23. Be2 Rg6 24. Nf3 Ng4+ 25. Ke1 Nxe3 26. Kd2 Ng4 27. a3 Bd6 28. Ne5 Bxe5 29. dxe5 b6 30. Bd3 Nf2 31. Ne2 Nxd3 32. Kxd3 dxc4+ 33. Kxc4 Ba6+ 34. Kd4 Bxe2 0-1

[Event "VIE-chT (Women)"]
[Site "Ho Chi Minh City"]
[Date "2017.07.25"]
[Round "3.29"]
[White "Pham, Thi Phuong Thao"]
[Black "Nguyen, Ngan Ha"]
[Result "0-1"]
[WhiteElo "1901"]
[BlackElo "1467"]
[PlyCount "92"]
[EventDate "2017.07.24"]
[EventType "team-swiss"]
[EventRounds "9"]
[EventCountry "VIE"]
[SourceTitle "EXT 2019"]
[Source "ChessBase"]
[SourceDate "2018.10.10"]
[SourceVersion "1"]
[SourceVersionDate "2018.10.10"]
[SourceQuality "1"]

1. d4 Nf6 2. Bf4 e6 3. Nd2 c5 4. e3 b6 5. Bd3 Bb7 6. f3 Nc6 7. c3 Nd5 8. Be4 Nxf4 9. exf4 d5 10. Bd3 cxd4 11. cxd4 a6 12. Ne2 Qf6 13. Qb3 b5 14. Rc1 Bb4 15. Rc2 0-0 16. 0-0 Bd6 17. g3 Nxd4 18. Nxd4 Qxd4+ 19. Kg2 Rac8 20. a3 h6 21. Be2 e5 22. fxe5 Qxe5 23. Bd3 h5 24. f4 Qf6 25. Nf3 d4 26. Rxc8 Rxc8 27. Bc2 Re8 28. Qd3 g6 29. Kg1 Re3 30. Qxd4 Qxd4 31. Nxd4 Bc5 32. Rd1 Re2 33. Kf1 Rxh2 34. b4 Bxd4 35. Rxd4 Rxc2 36. Rd7 Bc8 37. Rd8+ Kg7 38. Ke1 Bf5 39. Rd6 Rg2 40. Rxa6 Rxg3 41. a4 bxa4 42. Rxa4 Rf3 43. b5 Rb3 44. Ra5 Rb4 45. Kd2 Bd7 46. Ke3 Bxb5 0-1

[Event "VIE-ch (Women)"]
[Site "Bac Giang"]
[Date "2016.06.27"]
[Round "8"]
[White "Pham, Thi Phuong Thao"]
[Black "Vu, Bui Thi Thanh Van"]
[Result "1/2-1/2"]
[WhiteElo "1860"]
[BlackElo "1441"]
[PlyCount "50"]
[EventDate "2016.06.22"]
[EventType "swiss"]
[EventRounds "9"]
[EventCountry "VIE"]
[SourceTitle "EXT 2017"]
[Source "ChessBase"]
[SourceDate "2016.10.25"]
[SourceVersion "1"]
[SourceVersionDate "2016.10.25"]
[SourceQuality "1"]

1. d4 d5 2. e3 Nf6 3. Bd3 c6 4. f4 g6 5. Nf3 Bg7 6. Ne5 0-0 7. 0-0 Nfd7 8. h4 c5 9. c3 Qb6 10. Qf3 cxd4 11. cxd4 Nxe5 12. fxe5 e6 13. h5 Bd7 14. Nc3 Qc7 15. Bd2 a6 16. Be1 f5 17. hxg6 hxg6 18. Qg3 Be8 19. Ne2 Nc6 20. Nf4 Qf7 21. Nh3 Bh6 22. Ng5 Qe7 23. Nh3 Bf7 24. Nf4 Kh7 25. Qh3 Rad8 1/2-1/2

[Event "VIE-ch (Women)"]
[Site "Bac Giang"]
[Date "2016.06.24"]
[Round "4"]
[White "Nguyen, Thi Mai Lan"]
[Black "Pham, Thi Phuong Thao"]
[Result "0-1"]
[WhiteElo "1858"]
[BlackElo "1860"]
[PlyCount "64"]
[EventDate "2016.06.22"]
[EventType "swiss"]
[EventRounds "9"]
[EventCountry "VIE"]
[SourceTitle "EXT 2017"]
[Source "ChessBase"]
[SourceDate "2016.10.25"]
[SourceVersion "1"]
[SourceVersionDate "2016.10.25"]
[SourceQuality "1"]

1. e4 e5 2. Nf3 Nc6 3. Bc4 Bc5 4. 0-0 Nf6 5. Nc3 d6 6. h3 Be6 7. Bxe6 fxe6 8. d3 h6 9. Be3 Bb6 10. Re1 0-0 11. Nh4 Nd4 12. a4 a5 13. Na2 g5 14. Nf3 Nh7 15. Nxd4 Bxd4 16. c3 Ba7 17. Qd2 Qf6 18. Nc1 Bxe3 19. Rxe3 Rf7 20. Nb3 Raf8 21. Rf3 Qg6 22. Rxf7 Rxf7 23. Nxa5 b6 24. Nc4 h5 25. Qe2 g4 26. hxg4 hxg4 27. Qe1 Ng5 28. Qe3 Qh5 29. Rd1 Nf3+ 30. gxf3 gxf3 31. Nd2 Rg7+ 32. Kf1 Qh1# 0-1

[Event "VIE-ch (Women)"]
[Site "Bac Giang"]
[Date "2016.06.24"]
[Round "5"]
[White "Pham, Thi Phuong Thao"]
[Black "Nguyen, Ha Phuong"]
[Result "1/2-1/2"]
[WhiteElo "1860"]
[BlackElo "1469"]
[PlyCount "76"]
[EventDate "2016.06.22"]
[EventType "swiss"]
[EventRounds "9"]
[EventCountry "VIE"]
[SourceTitle "EXT 2017"]
[Source "ChessBase"]
[SourceDate "2016.10.25"]
[SourceVersion "1"]
[SourceVersionDate "2016.10.25"]
[SourceQuality "1"]

1. d4 Nf6 2. e3 g6 3. Bd3 Bg7 4. f4 d5 5. Nf3 b6 6. 0-0 Bb7 7. Nbd2 0-0 8. Ne5 Ne4 9. Nxe4 dxe4 10. Bc4 Nd7 11. c3 Nxe5 12. fxe5 e6 13. Qg4 Bd5 14. Bb3 f5 15. exf6 Rxf6 16. Bd2 Bxb3 17. axb3 Qd5 18. c4 Qc6 19. Rxf6 Bxf6 20. Rf1 Kg7 21. Bc3 Rf8 22. Qf4 g5 23. Qf2 Qd6 24. d5 exd5 25. cxd5 a5 26. Qf5 Bxc3 27. Qxg5+ Kh8 28. Rxf8+ Qxf8 29. bxc3 Qd6 30. Qf5 Qc5 31. Qe5+ Kg8 32. Qg3+ Kf8 33. Qf4+ Kg8 34. Qg5+ Kf8 35. Qd8+ Kf7 36. Qd7+ Kg8 37. Qe6+ Kf8 38. Qf6+ Kg8 1/2-1/2